000 00511nam a2200205 a 4500
001 85449
003 BD-RjUL
005 20250806111908.0
008 250806s19601950enk||||| |||| 00| 0 eng d
035 _a(BD-RjUL)85449
040 _aBD-RjUL
_beng
_cBD-RjUL
041 _aeng
082 _223
_a823
_bCHD 1960
100 _aCheyney, Peter
_915854
245 _aDark Bahama /
_cPeter Cheyney
260 _aLondon :
_bCollins,
_c1960
300 _a189 p;
_c19 cm.
650 _aEnglish Fiction
942 _2ddc
_cBK
999 _c85449
_d85449